000 00762nam a2200265Ia 4500
003 OSt
005 20221006142305.0
006 a|||||r|||| 00| 0
007 ta
008 221006b |||||||| |||| 00| 0 eng d
020 _a0813386438
_c
_44.95
024 _a5,983
037 _cTextual
040 _aEASL
_cEASL
_beng
041 _2eng
_aeng
082 _aX755.42.N92, N3
100 _aKOPPEL Bruce M Ed.
_9647302
245 0 _aJapan's foreign aid
_b Power and policy in a new era
260 _aBoulder
_bWestview Press
_c1993
300 _a378p.
_ccm.
490 _v JEL
700 _a ORR Robert M Jr. Ed.
_9647303
942 _hX755.42.N92, N3
_cTEXL
_2CC
999 _c1074069
_d1074069